The challenges facing the progressive housing finance in Maseru, Lesotho (Record no. 106315)

MARC details
000 -LEADER
fixed length control field 01005cam a2200253 4500
001 - CONTROL NUMBER
control field ##L136083
008 - FIXED-LENGTH DATA ELEMENTS--GENERAL INFORMATION
fixed length control field 070108n2006 000 0 eng u
020 ## - INTERNATIONAL STANDARD BOOK NUMBER
International Standard Book Number 9781842193074
035 ## - SYSTEM CONTROL NUMBER
System control number (Sirsi) u136083
041 0# - LANGUAGE CODE
Language code of text/sound track or separate title eng
050 04 - LIBRARY OF CONGRESS CALL NUMBER
Classification number 306.3686 $2 18
100 1# - MAIN ENTRY--PERSONAL NAME
Personal name Akindele, O.
245 04 - TITLE STATEMENT
Title The challenges facing the progressive housing finance in Maseru, Lesotho
260 ## - PUBLICATION, DISTRIBUTION, ETC.
Place of publication, distribution, etc. London
Name of publisher, distributor, etc. RICS
Date of publication, distribution, etc. 2006
490 #0 - SERIES STATEMENT
Series statement COBRA
Volume/sequential designation 2006
520 ## - SUMMARY, ETC.
Summary, etc. Highlights some of the challenges of micro-financing progressive housing in Maseru and suggests possible solutions in line with the existing theory of self-help housing provision. Figures. Tables. References.
651 #4 - SUBJECT ADDED ENTRY--GEOGRAPHIC NAME
Geographic name LESOTHO
690 ## - LOCAL SUBJECT ADDED ENTRY--TOPICAL TERM (OCLC, RLIN)
Topical term or geographic name as entry element PROPERTY-RESIDENTIAL PROPERTY-RESIDENTIAL PROPERTY FINANCE AND INVESTMENT
700 1# - ADDED ENTRY--PERSONAL NAME
Personal name Talukhaba, A.A.
700 1# - ADDED ENTRY--PERSONAL NAME
Personal name Rakuena, R.
700 1# - ADDED ENTRY--PERSONAL NAME
Personal name Viruly, F.
856 40 - ELECTRONIC LOCATION AND ACCESS
Uniform Resource Identifier <a href="https://www.rics.org/site/scripts/download_info.aspx?downloadID=2875">https://www.rics.org/site/scripts/download_info.aspx?downloadID=2875</a>
Public note View the paper free of charge at www.rics.org...
942 ## - ADDED ENTRY ELEMENTS (KOHA)
Suppress in OPAC 0
Holdings
Withdrawn status Lost status Source of classification or shelving scheme Damaged status Not for loan Home library Current library Shelving location Date acquired Total Checkouts Full call number Barcode Date last seen Copy number Price effective from Koha item type
    Dewey Decimal Classification     Virtual Virtual Online 08/01/2007   ONLINE PUBLICATION 136083-2001 06/08/2019 1 06/08/2019 Book